MANAGING HOTEL FRONT OFFICE OPERATIONS (Record no. 22732)

MARC details
000 -LEADER
fixed length control field 00316nam a22001337a 4500
003 - CONTROL NUMBER IDENTIFIER
control field SGT
020 ## - INTERNATIONAL STANDARD BOOK NUMBER
International Standard Book Number 978-93-85915-76-5
082 ## - DEWEY DECIMAL CLASSIFICATION NUMBER
Classification number 641.5
Item number MIS
100 ## - MAIN ENTRY--PERSONAL NAME
Personal name MISHRA, RAJEEV. R.
245 ## - TITLE STATEMENT
Title MANAGING HOTEL FRONT OFFICE OPERATIONS
260 ## - PUBLICATION, DISTRIBUTION, ETC. (IMPRINT)
Place of publication, distribution, etc NEW DELHI
Name of publisher, distributor, etc CBS PUB.
Year of Publication 2016
300 ## - PAGE DESCRIPTION
No. of Pages 582
942 ## - ADDED ENTRY ELEMENTS (KOHA)
Source of classification or shelving scheme Dewey Decimal Classification
Koha item type Books
942 ## - ADDED ENTRY ELEMENTS (KOHA)
-- 12
Holdings
Withdrawn status Lost status Source of classification or shelving scheme Damaged status Not for loan Collection code Home library Current library Date acquired SGTU Total Checkouts Full call number Accession No. (Barcode) Date last seen Date last borrowed Bill Date Koha item type
    Dewey Decimal Classification     HOTEL MANAGEMENT SGT Science & Social Sciences Library SGT Science & Social Sciences Library 23/05/2022 SGTU 12 641.5 MIS HM1256 08/12/2023 04/12/2023 23/05/2022 Books